Statistiken für Borussia Dortmund: Champions League Sieg 1997

Klicken Sie hier um das Quiz zu spielen!

Allgemein

  • Dieses Quiz wurde 38 mal gespielt
    (27 seit der letzten Aktualisierung)
  • Das Durchschnittsergebnis liegt bei 9 aus 15

Antwortstatistiken

PositionName% Korrekt
-> '70 (Sturm)Lars Ricken
100%
VerteidigungJürgen Kohler
83%
TrainerOttmar Hitzfeld
83%
SturmStephane Chapuisat
83%
TorwartStefan Klos
78%
SturmKalle Riedle
74%
-> '89 (Mittelfeld)Michael Zorc
74%
Mittelfeld offensivAndi Möller
70%
VerteidigungMatthias Sammer
70%
Linkes MittelfeldStefan Reuter
61%
VerteidigungMartin Kree
39%
-> '67 (Sturm)Heiko Herrlich
35%
Rechtes MittelfeldJörg Heinrich
35%
Mittelfeld zentralPaul Lambert
30%
Mittelfeld zentralPaulo Sousa
30%

Verteilung der Resultate

Perzentil nach korrekt beantworteten Fragen

Anzahl Personen mit jedem Resultat

Ihre Resultats-Entwicklung

Sie haben dieses Quiz seit der letzten Aktualisierung nicht gespielt